| 000 | nam a22 7a 4500 | ||
|---|---|---|---|
| 999 |
_c331146 _d331146 |
||
| 003 | NUST | ||
| 005 | 20170920105742.0 | ||
| 008 | 170920b xxu||||| |||| 00| 0 eng d | ||
| 040 | _cNUST | ||
| 082 |
_a954.915 _bHAY |
||
| 100 |
_aHayous, A. W _94657 |
||
| 245 |
_aSar zameen Baluchistan / _cby A. W. Hayous |
||
| 260 |
_aQuetta: _bGosha e adab, _c2011 |
||
| 300 | _a400 p. | ||
| 546 | _aIn Urdu | ||
| 650 |
_aBaluchistan- History _94622 |
||
| 880 |
_6100-01\(3\r _aاے۔ ڈبلیو۔ ہیوز |
||
| 880 |
_6245-02\(3\r _aسر زمین بلوچستان _cاے۔ ڈبلیو۔ ہیوز |
||
| 880 |
_6260-03\(3\r _aکوئٹہ: _bگوشہ ادب، _c2011 |
||
| 942 |
_2ddc _cBK |
||